MARC

LEADER 00000nam0a2200000 4500
001 231144
005 20231101231045.0
035 |a (RuTPU)RU\TPU\book\252160 
090 |a 231144 
100 |a 20130130d1962 k y0rusy50 ca 
101 0 |a rus 
102 |a RU 
105 |a a z 001zy 
200 1 |a Петрография щелочных, ультраосновных и основных горных пород Сайжинского и Гулхенского плутонов (Витимское плоскогорье)  |f А. А. Конев  |g Восточно-Сибирский геологический институт 
210 |a Иркутск  |c Иркутское кн. изд-во  |d 1962 
215 |a 139 с.  |c ил. 
225 1 |a Труды Восточно-Сибирского геологического института  |v Вып. 11 
317 |5 63413507: КР-675  |a Поступила в НТБ в 2004 г. в составе книжного собрания профессора ТПИ К. В. Радугина. 
320 |a Библиогр.: с. 134-137. 
606 1 |a Щелочные горные породы  |x Геохимия  |2 stltpush  |3 (RuTPU)RU\TPU\subj\19680  |9 44864 
610 1 |a петрография 
610 1 |a Витимское нагорье 
610 1 |a геологическая характеристика 
610 1 |a стратиграфия 
610 1 |a геологическое строение 
610 1 |a петрография 
610 1 |a изверженные породы 
610 1 |a щелочные породы 
610 1 |a метасоматические породы 
610 1 |a минералогия 
610 1 |a библиотека К. В. Радугина 
675 |a 552.33  |v 3 
700 1 |a Конев  |b А. А. 
712 0 2 |a Академия наук СССР (АН СССР)  |b Сибирское отделение (СО)  |b Восточно-Сибирский геологический институт  |c (Иркутск)  |c (1957-1962)  |2 stltpush  |3 (RuTPU)RU\TPU\col\18511 
801 1 |a RU  |b 63413507  |c 20130130 
801 2 |a RU  |b 63413507  |c 20130621  |g RCR 
942 |c BK